MARC

LEADER 00000nam0a2200000 4500
001 280071
005 20231101235254.0
035 |a (RuTPU)RU\TPU\book\303380 
090 |a 280071 
100 |a 20141225d1986 k y0rusy50 ca 
101 0 |a rus 
102 |a RU 
105 |a y z 001zy 
200 1 |a Традиционные и синкретические религии Африки  |f Академия наук СССР (АН СССР), Институт Африки (ИАф) ; под ред. А. А. Громыко 
210 |a Москва  |c Главная редакция восточной литературы  |d 1986 
215 |a 589 с. 
225 1 |a Религии в XX веке 
320 |a Библиогр.: с. 525-560 
320 |a Указатель имен: с. 562-568 
320 |a Указатель географических названий: с. 568-575 
320 |a Указатель этнических наименований: с. 576-582 
606 1 |a Религия  |x В зарубежных странах  |2 stltpush  |3 (RuTPU)RU\TPU\subj\24956  |9 49220 
610 1 |a традиционные религии 
610 1 |a Африка 
610 1 |a 20 век 
610 1 |a история 
610 1 |a религиозно-политические организации 
610 1 |a синкретические религии 
610 1 |a мифология 
686 |a Э29(6)  |v LBC/SL-A  |2 rubbk 
702 1 |a Громыко  |b А. А.  |4 340 
712 0 2 |a Академия наук СССР (АН СССР)  |b Институт Африки (ИАф)  |c (Москва)  |2 stltpush  |3 (RuTPU)RU\TPU\col\11573 
801 1 |a RU  |b 63413507  |c 20141225 
801 2 |a RU  |b 63413507  |c 20160601  |g RCR 
942 |c BK